Shrimp mariculture : A practical manual
Spremljeno u:
| Glavni autor: | |
|---|---|
| Format: | Knjiga |
| Jezik: | Undetermined |
| Izdano: |
China
Chien Cheng
1987
|
| Teme: | |
| Oznake: |
Dodaj oznaku
Bez oznaka, Budi prvi tko označuje ovaj zapis!
|
| Thư viện lưu trữ: | Trung tâm Học liệu Trường Đại học Cần Thơ |
|---|
| LEADER | 00525nam a2200193Ia 4500 | ||
|---|---|---|---|
| 001 | CTU_150677 | ||
| 008 | 210402s9999 xx 000 0 und d | ||
| 082 | |a 639.63 | ||
| 082 | |b T877 | ||
| 100 | |a Tseng, Wen-Young | ||
| 245 | 0 | |a Shrimp mariculture : | |
| 245 | 2 | |b A practical manual | |
| 245 | 0 | |c Wen-Young Tseng | |
| 260 | |a China | ||
| 260 | |b Chien Cheng | ||
| 260 | |c 1987 | ||
| 650 | |a Aquaculture,Nuôi trồng thủy sản | ||
| 904 | |i Trọng Hải | ||
| 980 | |a Trung tâm Học liệu Trường Đại học Cần Thơ | ||